[Event "36th Zalakaros Festival 2017"]
[Site "Zalakaros"]
[Date "2017.05.18"]
[Round "1"]
[White "Gara, Ticia"]
[Black "Danin, Alexandre"]
[Result "0-1"]
[WhiteElo "2329"]
[BlackElo "2543"]
[Annotator "TA"]
[PlyCount "128"]
[EventDate "2017.??.??"]
[EventType "swiss"]
[EventCountry "HUN"]
[SourceTitle "playchess.com"]
[Source "ChessBase"]
[SourceQuality "1"]

{[%evp 12,128,2,-15,-14,-34,-25,-56,-41,-56,-56,-41,-40,-39,-43,-54,-13,-26,-16,-20,-10,-3,5,-51,-57,-62,-63,-75,-64,-62,-58,-58,-54,-53,-30,-14,0,0,38,36,28,0,0,0,0,0,0,0,0,-28,-8,-8,-4,0,0,0,0,-52,-49,-58,-9,-12,-51,-52,-67,-110,-92,-127,-86,-155,-118,-147,-120,-129,-140,-190,-168,-183,-170,-184,-127,-171,-149,-220,-230,-254,-240,-347,-334,-339,-336,-305,-232,-230,-187,-302,-295,-456,-458,-454,-469,-827,-640,-753,-722,-1190,-1162,-1152,-1152,-1047,-991,-904,-710,-696,-696,-677,-615,-4790,-4160]} 1. Nf3 d5 2. g3 g6 3. Bg2 Bg7 4. O-O e5 5. c4 c6 6. d3 Ne7 7. Nbd2 O-O {A07: Réti Opening: New York and Capablanca Systems} 8. Rb1 a5 9. b3 c5 {Black is slightly better.} 10. Ba3 $146 ({Predecessor:} 10. cxd5 Nxd5 11. Bb2 Nc6 12. Nc4 f6 13. Nfd2 Be6 14. Ne4 b6 15. a4 {0-1 (31) Flaata,A-Johannessen,L (2431) Norway 2000}) 10... b6 11. cxd5 Nxd5 12. Bb2 Nc6 13. Nc4 {[%cal Rf3e5]} Re8 14. Nfd2 {And now Bxd5 would win.} (14. Ng5 $5 {[%cal Rg2d5]} Rb8 15. Ne4 $11) 14... Rb8 15. Ne4 {Ned6 is the strong threat.} Be6 16. Qd2 f6 17. Ne3 ({White should try} 17. f4 $11) 17... Qd7 $15 18. Nxd5 Bxd5 19. Nc3 Bxg2 20. Kxg2 Rbd8 21. Rbd1 Qb7 22. f3 $1 Nd4 23. e4 Rd7 24. Nd5 Rxd5 25. exd5 Nf5 26. Rfe1 Bh6 27. Qf2 Rd8 28. f4 exf4 29. Qf3 ({Not} 29. Bxf6 $2 Rf8 $19) 29... Qf7 {White must now prevent ...Ne3+.} 30. Kh1 Ne3 31. Rd2 Qxd5 32. Qxd5+ Nxd5 33. Rde2 Kf7 34. Bc1 (34. d4 $11) 34... f3 $36 {[%mdl 2048] Black has some pressure.} 35. Rf2 Bxc1 (35... Nb4 {looks sharper.} 36. Rxf3 Bxc1 37. Rxc1 Nxa2 38. Rcf1 Rd6) 36. Rxc1 {[%mdl 4096] Endgame KRR-KRN} Nb4 37. Rxf3 Nxa2 38. Rcf1 {[#]} Rd6 $1 39. Kg2 Nb4 40. Rd1 (40. g4 $142) 40... Nc6 41. Rf2 Ne5 42. Rfd2 Rd4 43. Rb1 Ke6 44. Kf2 Kd5 45. Ke3 Rb4 (45... h5 $19 46. Ke2 f5) 46. h3 f5 47. Rc2 {[#]} (47. Ra2 $17 {was worth a try.}) 47... h5 $1 $19 ({Weaker is} 47... a4 48. Rcb2 $15) 48. Kd2 Rd4 49. Rc3 (49. Ke2 $142) 49... h4 50. gxh4 Rxh4 51. Rh1 g5 52. Rcc1 Rd4 53. Rc3 (53. Kc2 $142) 53... Rf4 54. Ke3 (54. Rc2 {is a better defense.}) 54... Rf3+ {Black is clearly winning.} 55. Ke2 f4 {[%cal Bf5f4,Bf4f3][%mdl 32]} 56. h4 (56. Rc2 $142 Re3+ 57. Kd1) 56... Re3+ 57. Kd1 g4 {[%cal Bg5g4,Bg4g3,Bg3g2][%mdl 32]} 58. h5 g3 59. h6 g2 60. Rg1 f3 {( -> ...f2)} 61. Rc2 Ng4 62. h7 Re8 {Threatens to win with ...Ne3+.} 63. Kc1 Rh8 64. d4 Rxh7 {Precision: White = 36%, Black = 66%.} 0-1

[Event "36th Zalakaros Festival 2017"]
[Site "Zalakaros"]
[Date "2017.05.18"]
[Round "1"]
[White "Borsos, Bogdan"]
[Black "Horvath, Jozsef"]
[Result "0-1"]
[WhiteElo "2321"]
[BlackElo "2526"]
[Annotator "TA"]
[PlyCount "86"]
[EventDate "2017.??.??"]
[EventType "swiss"]
[EventCountry "HUN"]
[SourceTitle "playchess.com"]
[Source "ChessBase"]
[SourceQuality "1"]

{[%evp 12,86,21,0,0,-14,0,-12,0,-14,8,-6,0,-8,0,0,-3,-12,14,-18,-17,-26,-17,-20,-13,-19,-13,-22,-14,-23,-11,-11,-17,-21,-24,-25,0,-38,-15,-13,84,34,22,32,53,0,0,-12,-18,-16,-17,-234,-225,-317,-301,-284,-287,-280,-301,-282,-283,-510,-497,-676,-666,-659,-656,-1622,-1292,-5562,-4910,-6429,-6015,-29970,-4926,-29992,-29993]} 1. e4 d6 2. d4 Nf6 3. Nc3 e5 4. dxe5 dxe5 5. Qxd8+ Kxd8 6. f3 Be6 {B07: Pirc Defence: Miscellaneous Systems} 7. Be3 {LiveBook: 4 Games} c6 8. O-O-O+ Nbd7 {[%cal Bb8d7,Bd7b6,Bb6c4][%mdl 32] The position is equal.} 9. g3 Bb4 10. Nge2 $146 ({Predecessor:} 10. Nce2 Kc7 11. Bh3 Rhe8 12. Bxe6 Rxe6 13. g4 Bc5 {0-1 (35) Diaz Leon,R (2245)-Cifuentes Parada,R (2540) El Sauzal 2004}) 10... Ke7 11. Kb1 b5 12. h4 Nb6 13. a3 Nc4 14. Bf2 ({Reject} 14. axb4 Nxe3 15. Re1 Nc4 $17) 14... Bd6 15. Bh3 Bxh3 16. Rxh3 a5 17. Rhh1 Rhb8 18. Rd3 a4 19. Na2 Kd7 20. Bc5 Kc7 21. Bxd6+ Nxd6 22. Rhd1 Rd8 23. Nb4 Rd7 24. b3 {[#] Strongly threatening Rc3.} axb3 25. cxb3 {Threatens to win with Rc1.} Rxa3 (25... Nb7 $11) 26. Kb2 Ra8 27. Rc1 Kb7 28. Rxc6 (28. Rdc3 $14) 28... Nc4+ $1 $11 29. Kc3 Rxd3+ 30. Kxd3 Rd8+ 31. Kc3 $2 (31. Kc2 $1 $11 {and White is okay.} Rd2+ 32. Kc1) 31... Nd2 $19 32. Ng1 {[#]} (32. Kb2 {keeps fighting.}) 32... Ndxe4+ $1 {[%mdl 512]} 33. fxe4 Nxe4+ 34. Kb2 Rd4 35. Nf3 Rxb4 36. Nxe5 $2 {[%mdl 4096] Endgame KRN-KRN} (36. Rc1 Nxg3 37. Rd1) 36... f6 37. Re6 fxe5 38. Rxe5 {KRN-KR} Kc6 39. Re7 Nc5 40. Rxg7 Rxb3+ 41. Kc2 b4 42. g4 Rc3+ (42... Rg3 $142 43. Rf7 b3+ 44. Kd2 Ne4+ 45. Ke2 Rh3 46. g5 b2 47. Rf1 Ng3+ 48. Kd3 Nxf1+ 49. Kc2 Rh2+ 50. Kb1 Kc5 51. g6 Kb4 52. g7 Nd2+ 53. Kxb2 Nb3+ 54. Kb1 Kc3 55. g8=Q Rb2#) 43. Kb2 Nd3+ {Precision: White = 18%, Black = 41%.} 0-1

[Event "36th Zalakaros Festival 2017"]
[Site "Zalakaros"]
[Date "2017.05.18"]
[Round "1"]
[White "Tate, Alan"]
[Black "Antal, Gergely"]
[Result "1/2-1/2"]
[WhiteElo "2320"]
[BlackElo "2517"]
[Annotator "TA"]
[PlyCount "38"]
[EventDate "2017.??.??"]
[EventType "swiss"]
[EventCountry "HUN"]
[SourceTitle "playchess.com"]
[Source "ChessBase"]
[SourceQuality "1"]

{[%evp 9,38,20,20,10,10,0,13,-3,0,-13,1,-2,-1,-29,-10,-25,-15,-20,-18,-13,-11,-14,0,0,0,0,0,16,91,77,85]} 1. e4 c6 2. d4 d5 3. e5 c5 4. dxc5 Nc6 5. Nf3 Bg4 6. c3 {B12: Caro-Kann: Advance Variation} e6 7. b4 g6 (7... a6 8. Nbd2 Nxe5 9. Qa4+ Nd7 10. Ne5 Ngf6 11. c4 a5 12. Nb3 axb4 13. Qb5 Be7 {0-1 (53) Topalov,V (2760)-Nakamura,H (2779) London 2016}) 8. Nbd2 {The position is equal.} Bg7 9. Be2 $146 ({Predecessor:} 9. Qa4 Bxf3 10. Nxf3 Nge7 11. Bf4 O-O 12. Bd3 f6 13. exf6 Rxf6 {½-½ (37) Kravtsiv,M (2631)-Yuffa,D (2502) Pardubice 2016}) 9... Nge7 (9... Bxf3 $5 10. Nxf3 Nxe5 $11) 10. O-O O-O 11. Re1 a5 12. b5 Bxf3 $1 13. Nxf3 Nxe5 14. Nd4 Re8 15. Ba3 Nf5 16. Qa4 Qh4 17. g3 Qh3 18. Qd1 Nxd4 (18... h5 $1 $11 {keeps the balance.}) 19. cxd4 $16 Nc4 {Precision: White = 62%, Black = 41%.} 1/2-1/2

[Event "36th Zalakaros Festival 2017"]
[Site "Zalakaros"]
[Date "2017.05.18"]
[Round "1"]
[White "Pacan-Milej, Kosma"]
[Black "Studer, Noel"]
[Result "1-0"]
[WhiteElo "2317"]
[BlackElo "2498"]
[Annotator "TA"]
[PlyCount "91"]
[EventDate "2017.??.??"]
[EventType "swiss"]
[EventCountry "HUN"]
[SourceTitle "playchess.com"]
[Source "ChessBase"]
[SourceQuality "1"]

{[%evp 9,91,18,19,5,16,20,33,0,-2,-2,21,21,17,14,43,16,39,43,72,21,16,-18,0,0,0,0,0,-29,-21,-22,-21,-33,-13,-13,-7,-77,-50,-88,1,8,16,8,8,0,0,0,0,0,91,92,143,147,144,122,177,156,253,247,246,261,255,0,12,0,0,0,87,71,105,95,97,97,95,95,100,93,628,702,668,528,29991,29992,29992,29993]} 1. d4 Nf6 2. c4 e6 3. Nf3 d5 4. Nc3 Bb4 5. cxd5 exd5 6. Bf4 {D38: Queen's Gambit Declined: Ragozin Defence (4 Nf3 Bb4)} (6. Qb3 $5 {[%cal Rb3b4]} Nc6 7. e3 $11) (6. Bg5 h6 7. Bh4 O-O 8. e3 Bf5 9. Qb3 Bxc3+ 10. Qxc3 Nbd7 11. Nd2 Rc8 12. Be2 c5 13. O-O Qb6 14. Rfc1 Rfe8 15. Kf1 {½-½ (40) Karjakin,S (2783)-Harikrishna,P (2755) Shamkir 2017}) 6... O-O 7. Rc1 Ne4 8. Nd2 $146 {White is slightly better.} (8. e3 {is more complex.} Bg4 9. Be2 Nd7 10. h3 Bh5 11. O-O) ({Predecessor:} 8. e3 c5 9. Bd3 Bxc3+ 10. bxc3 c4 11. Bb1 Nc6 12. Nd2 f5 13. Nxe4 fxe4 {1-0 (35) Khademalsharieh,S (2429)-Mamedjarova,T (2304) Baku 2016}) 8... Nxc3 9. bxc3 Be7 10. e3 Bf5 11. Qb3 b6 12. Be2 (12. c4 $5 {[%cal Rc4d5]}) 12... c5 13. Bf3 Be6 14. O-O (14. c4 $16 Nc6 15. cxd5) 14... Nc6 $11 {[%cal Bb8c6,Bc6a5,Ba5c4,Bc4b2,Bb2d3][%mdl 32]} 15. Rfd1 Rc8 (15... g5 $5 {[%cal Rg5f4]} 16. Bg3 Na5 $11) 16. dxc5 Bxc5 17. c4 {[%cal Rc4d5]} Na5 18. Qb1 {cxd5 is the strong threat.} Ba3 $1 {[%cal Ra3c1]} 19. Rc3 Qe7 $1 {[%cal Ra5c4]} 20. Rxa3 Qxa3 21. cxd5 Bd7 22. Ne4 (22. Be4 $11) 22... Nc4 $1 $17 23. Ng5 {[%csl Gg5][%cal Rb1h7]} f5 ({Black should try} 23... g6 $1 $17) 24. d6 $1 $11 {Threatening Bd5+.} Nb2 25. Bd5+ Kh8 $132 {[%mdl 2048] Black is fighting back} 26. Rc1 Nd3 27. Rxc8 Bxc8 28. Bg3 h6 (28... Nc1 $1 $11 29. Nf7+ Rxf7 30. Bxf7 Ne2+ 31. Kh1 Nxg3+ 32. hxg3 Qxd6) 29. Nf7+ $16 Kh7 {[#]} (29... Rxf7 $142 30. Bxf7 f4) 30. d7 $1 {[%cal Rd7d8][%mdl 512]} Bxd7 31. Bd6 Qa5 (31... Qc3 $16 32. Bxf8 Nxf2) 32. Qxd3 $18 Rc8 (32... Qe1+ $16 33. Qf1 Qxf1+ 34. Kxf1 Rc8) 33. h3 Qe1+ 34. Kh2 $1 ({But not} 34. Qf1 $2 Qd2 $19) 34... Rc1 {[#]} 35. Bf3 $2 ({Less strong is} 35. Kg3 Rd1 $16) (35. Ne5 $1 $18 {[%cal Re5d7]} Qd1 36. Qb3 Qxb3 37. Bxb3) 35... Qxf2 $11 36. Be5 Be6 37. Nd6 Qc2 {[#]} (37... Qg1+ $11 {remains equal.} 38. Kg3 Qe1+ 39. Kh2 Qg1+ 40. Kg3 Qe1+ 41. Kh2 Qg1+) 38. Qd4 $1 $16 Qb1 {( -> ...Rh1+)} 39. Bxg7 {Strongly threatening Qf6.} Rh1+ 40. Kg3 Qe1+ 41. Kf4 Qh4+ 42. Ke5 Qe7 $2 {[%mdl 8192]} (42... Qxd4+ $16 43. exd4 Re1+ 44. Kf6 Bxa2) 43. Bf6 $18 Qd7 {[#]} 44. Be4 $1 {[%mdl 512]} fxe4 45. Qxe4+ Bf5 46. Nxf5 {Precision: White = 55%, Black = 47%.} 1-0

[Event "36th Zalakaros Festival 2017"]
[Site "Zalakaros"]
[Date "2017.05.18"]
[Round "1"]
[White "Rajdeep Sarkar"]
[Black "Chernyshov, Konstantin"]
[Result "0-1"]
[WhiteElo "2312"]
[BlackElo "2485"]
[Annotator "TA"]
[PlyCount "61"]
[EventDate "2017.??.??"]
[EventType "swiss"]
[EventCountry "HUN"]
[SourceTitle "playchess.com"]
[Source "ChessBase"]
[SourceQuality "1"]

{[%evp 22,61,35,45,47,32,45,23,16,16,15,15,16,10,7,11,16,16,11,9,11,11,32,8,0,0,12,0,0,0,0,-451,-449,-440,-432,-503,-494,-615,-599,-614,-606,-29992]} 1. Nf3 Nf6 2. g3 b6 3. Bg2 Bb7 4. O-O e6 5. c4 Be7 6. Nc3 O-O 7. Re1 d5 8. cxd5 exd5 9. d4 Na6 10. Bf4 c5 11. Rc1 Nc7 {E17: Queen's Indian: 4 g3 Bb7 5 Bg2 Be7} (11... Ne4 12. a3 Re8 13. Qa4 cxd4 14. Nxd4 Nac5 15. Qd1 Nxc3 16. Rxc3 Bf6 17. Rc2 Qd7 18. Be3 Rac8 19. Qb1 Ba6 {½-½ (36) Postny,E (2642)-Tiviakov,S (2639) Leiden 2015}) 12. dxc5 {LiveBook: 9 Games} Bxc5 13. Bxc7 Qxc7 {[#]White is slightly better.} 14. b4 $146 {[%mdl 512]} ({Predecessor:} 14. Na4 Qe7 15. Nxc5 bxc5 16. e3 Rab8 17. Qc2 Rfc8 18. Qc3 h6 19. h4 {½-½ (31) Cosma,E (2328)-Raeva,E (2292) Mamaia 2013}) 14... Bxb4 15. Nxd5 $1 Qd6 16. Nxb4 Qxb4 17. Nd4 Bxg2 18. Kxg2 Rad8 19. e3 Rd7 20. Qe2 Re8 21. Rc4 Qe7 22. Rec1 (22. e4 $5) 22... g6 23. Qf3 Kg7 24. Rc8 Rxc8 25. Rxc8 Rd5 26. Qf4 $2 {[%mdl 8192] [#]} (26. Ra8 $11 {and White is okay.}) 26... Rxd4 $1 $19 {[%mdl 512] Black is clearly winning.} 27. Qxd4 (27. exd4 Qb7+) 27... Qb7+ 28. f3 {And now Rd8 would win.} Qxc8 29. g4 Qc5 30. Qd3 Qd5 31. Qd1 {Precision: White = 46%, Black = 72%.} 0-1

[Event "36th Zalakaros Festival 2017"]
[Site "Zalakaros"]
[Date "2017.05.18"]
[Round "1"]
[White "Krykun, Yuriy"]
[Black "Kantor, Gergely"]
[Result "1/2-1/2"]
[WhiteElo "2308"]
[BlackElo "2481"]
[Annotator "TA"]
[PlyCount "57"]
[EventDate "2017.??.??"]
[EventType "swiss"]
[EventCountry "HUN"]
[SourceTitle "playchess.com"]
[Source "ChessBase"]
[SourceQuality "1"]

{[%evp 19,57,14,18,6,2,0,0,-17,-22,-18,-15,-6,-10,-32,-24,-34,-37,-31,-25,-21,-38,-47,-45,-53,-37,-47,-45,-47,-18,-31,-6,-88,-96,-100,-37,-39,-25,-38,-8,-8]} 1. Nf3 d5 2. d4 Nf6 3. c4 e6 4. e3 a6 5. Nbd2 c5 6. b3 {D30: Queen's Gambit Declined: Systems without Nc3} cxd4 7. exd4 Nc6 8. Bb2 g6 9. Bd3 Bg7 10. O-O O-O {LiveBook: 8 Games} 11. Re1 b6 12. Rc1 (12. Ne5 $5 {[%cal Re5c6]} Nb4 13. Bf1 $11) 12... Bb7 13. Bf1 $146 Rc8 14. Ne5 dxc4 15. Nxc6 Bxc6 16. bxc4 b5 17. Ba3 Re8 18. cxb5 Bxb5 19. Rxc8 Qxc8 20. Bxb5 axb5 21. Qb3 Qa6 22. Bc5 Ra8 23. a3 Nd7 24. Rb1 Rb8 25. Nf3 (25. Ne4 $11 {remains equal.}) 25... Nxc5 $17 26. dxc5 Qc6 (26... Rc8 $17 27. Qb4 Bf8 28. Qxb5 Qxa3) 27. Qb4 $15 Rd8 28. Kf1 Bf8 29. Qxb5 {Precision: White = 38%, Black = 63%.} 1/2-1/2

[Event "36th Zalakaros Festival 2017"]
[Site "Zalakaros"]
[Date "2017.05.18"]
[Round "1"]
[White "Rahul Srivatshav P"]
[Black "Praggnanandhaa R"]
[Result "1/2-1/2"]
[WhiteElo "2303"]
[BlackElo "2471"]
[Annotator "TA"]
[PlyCount "72"]
[EventDate "2017.??.??"]
[EventType "swiss"]
[EventCountry "HUN"]
[SourceTitle "playchess.com"]
[Source "ChessBase"]
[SourceQuality "1"]

{[%evp 22,72,37,42,60,42,52,11,11,12,12,7,50,52,55,54,51,50,54,42,45,34,33,34,26,34,33,63,72,49,53,48,42,5,5,2,11,0,0,0,7,0,9,0,0,0,0,0,0,0,0,0,0]} 1. d4 Nf6 2. c4 e6 3. Nc3 d5 4. cxd5 exd5 5. Bg5 c6 6. e3 Be7 7. Bd3 Nbd7 8. Nf3 Ne4 9. Bf4 Ndf6 10. Qc2 O-O 11. O-O Nxc3 12. bxc3 h6 {D35: Queen's Gambit Declined: Exchange Variation} 13. h3 c5 $146 ({Predecessor:} 13... Be6 14. Rfb1 Qc8 15. Qb3 b6 16. Qa4 c5 17. Ba6 Bd7 18. Qa3 cxd4 19. Qxe7 Qxa6 20. Be5 {0-1 (38) Abarca Gonzalez,N (2426)-Fell,S (2309) Caba 2017}) 14. c4 Be6 15. dxc5 Rc8 16. c6 bxc6 17. Rab1 dxc4 18. Bxc4 Bxc4 19. Qxc4 Qd5 20. Rfc1 c5 21. Be5 Qxc4 22. Rxc4 Nd5 23. Rb7 Rfe8 24. Rxa7 Bf8 25. e4 Nb6 26. Rc2 f6 27. Rb7 Na8 {The position is equal.} 28. Bg3 {aiming for e5.} Rxe4 29. Nh4 c4 30. Nf5 Re6 31. Ne3 Rec6 32. Rxc4 Rxc4 33. Nxc4 Rxc4 34. Rb8 Nc7 35. Rc8 Ra4 {[#] Hoping for ...Ne6.} 36. Rxc7 Rxa2 {Precision: White = 38%, Black = 73%.} 1/2-1/2

[Event "36th Zalakaros Festival 2017"]
[Site "Zalakaros"]
[Date "2017.05.18"]
[Round "1"]
[White "Szabo, Marton Mihaly"]
[Black "Jarmula, Lukasz"]
[Result "0-1"]
[WhiteElo "2298"]
[BlackElo "2469"]
[Annotator "TA"]
[PlyCount "56"]
[EventDate "2017.??.??"]
[EventType "swiss"]
[EventCountry "HUN"]
[SourceTitle "playchess.com"]
[Source "ChessBase"]
[SourceQuality "1"]

{[%evp 15,56,12,16,14,10,0,0,0,0,-18,-12,-45,-22,-20,0,0,0,-27,-8,-8,-20,-48,-38,-38,-53,-56,-6,-31,-22,-287,-283,-363,-372,-364,-366,-1314,-1301,-29996,-29997,-29997,-29998,-29998,-29999]} 1. e4 c5 2. Nf3 g6 3. d4 cxd4 4. Qxd4 Nf6 5. Nc3 Nc6 6. Qa4 d6 7. e5 dxe5 8. Nxe5 Bg7 {LiveBook: 20 Games. B27: Sicilian: 2 Nf3, unusual Black 2nd moves} (8... Bd7 9. Nxd7 Qxd7 10. Be3 Bg7 11. Rd1 Qg4 12. Rd4 Qf5 13. Bd3 Qe5 14. Rb4 Qc7 15. Bb5 O-O 16. Rc4 {0-1 (36) Wei,Y (2706)-Bu,X (2681) China 2015}) 9. Nxc6 bxc6 10. Be2 O-O {The position is equal.} 11. O-O Nd5 $146 ({Predecessor:} 11... Qc7 12. Bf3 Bb7 13. Re1 Nd5 14. Ne4 c5 15. Qc4 Rac8 16. c3 {1-0 (33) Madl,I (2321)-Leriche,I (1912) Mulhouse 2016}) 12. Nxd5 (12. Rd1 {with more complications.} Nxc3 13. bxc3 Qc7 14. Bf4 Be5 15. Bh6) 12... cxd5 13. c3 e5 {[%cal Be7e5,Be5d4][%mdl 32]} 14. Rd1 Bd7 15. Qa3 Be6 16. Be3 d4 17. cxd4 exd4 18. Bf3 Qb6 $36 {[%mdl 2048] Black is more active.} 19. Bf4 Rac8 20. Rac1 Rfd8 21. b3 Rc3 22. Bd2 $2 {[%mdl 8192]} (22. Qe7 $11 {and White has nothing to worry.} Rdc8 23. Be4) 22... Bf8 $19 23. Qb2 {[#]} Rxf3 $1 {[%mdl 512]} 24. gxf3 {[#]} Qb7 $1 {[%cal Rb7f3]} 25. Ba5 $2 {[#]} (25. Re1 Qxf3 26. Rxe6 Qg4+ 27. Kh1 Qxe6 28. Qc2) 25... Qxf3 $3 {[%mdl 512] ( -> ...Bh3!)} 26. Qd2 {[#]} Bd5 $1 {[%csl Gd5][%cal Rf3h1][%mdl 512] Black mates.} 27. Kf1 Re8 {[%cal Rf3h1]} 28. Qg5 Qh1+ {Precision: White = 21%, Black = 73%.} 0-1

[Event "36th Zalakaros Festival 2017"]
[Site "Zalakaros"]
[Date "2017.05.18"]
[Round "1"]
[White "Injac, Teodora"]
[Black "Puranik, Abhimanyu"]
[Result "0-1"]
[WhiteElo "2296"]
[BlackElo "2459"]
[Annotator "TA"]
[PlyCount "112"]
[EventDate "2017.??.??"]
[EventType "swiss"]
[EventCountry "HUN"]
[SourceTitle "playchess.com"]
[Source "ChessBase"]
[SourceQuality "1"]

{[%evp 14,112,39,16,31,31,41,31,36,34,47,11,11,11,11,17,35,15,19,0,0,0,0,0,0,-5,-10,-15,0,0,0,0,0,-14,0,0,0,0,0,-20,0,0,4,0,0,0,41,41,45,45,97,97,122,65,110,39,68,8,8,0,0,0,8,0,6,0,0,-54,-54,-171,0,0,0,0,0,0,0,-20,-17,-32,-22,-32,-62,-77,-77,-1334,-1175,-29978,-29980,-29978,-29981,-29982,-29983,-29985,-29986,-29986,-29987,-29987,-29988,-29988,-29989]} 1. Nf3 Nf6 2. c4 g6 3. Nc3 d5 4. cxd5 Nxd5 5. e4 Nxc3 6. dxc3 Qxd1+ 7. Kxd1 f6 8. h4 {LiveBook: 10 Games. A16: English Opening: 1...Nf6 with ...d5} (8. Be3 e5 9. Nd2 Be6 10. Bc4 Kf7 11. Kc2 Be7 12. Rad1 Rd8 13. Bxe6+ Kxe6 14. Nc4 Rxd1 15. Rxd1 Nc6 16. a4 a5 17. f4 h5 18. Rf1 exf4 19. Bxf4 {½-½ (33) Topalov,V (2816)-Giri,A (2793) Saint Louis 2015}) 8... Bg4 9. Kc2 e5 10. Be3 {White is slightly better.} Nd7 11. Bc4 Nb6 $146 ({Predecessor:} 11... Bc5 12. Nh2 Bxe3 13. Nxg4 Bb6 14. h5 Ke7 15. f3 Raf8 {½-½ (49) Bao,Q (2249)-Xu,M (2140) Zhongshan 2014}) 12. Bb5+ c6 13. Bd3 h5 14. a4 Nd7 15. Nd2 Bc5 16. Bxc5 Nxc5 17. Bc4 a5 18. f3 Bd7 19. Ra3 Ke7 20. Nb3 Ne6 21. Bxe6 Bxe6 22. Nc5 Bc8 23. b4 b6 24. Nb3 Rg8 25. bxa5 bxa5 26. Kd3 Ba6+ 27. c4 Bc8 28. Ra2 Be6 29. Kc3 g5 30. hxg5 Rxg5 31. Rd2 f5 (31... Ra7 $14) 32. exf5 $16 Rxf5 {...Rf4 would now be nice for Black.} 33. Nc5 (33. Rh4 $16) 33... Rb8 $14 {[#]} 34. Rhd1 (34. Rh4 $1 $16) 34... Rg5 35. Nxe6 ({Better is} 35. Re1 $14) 35... Kxe6 {[%mdl 4096] Endgame KRR-KRR} 36. Rd7 {Threatening mate with R1d6+.} Rf8 37. R1d2 Kf5 38. Ra7 Rfg8 39. Rxa5 Rxg2 40. Rd7 (40. Rxg2 $11 Rxg2 41. Ra8) 40... R2g7 $15 41. Rd6 ({White should play} 41. Rxg7 $15 Rxg7 42. Ra8) 41... Rg6 $2 (41... Rh8 $19 42. Rc5 h4) 42. Rxg6 $11 Rxg6 {KR-KR} 43. Ra8 Kf4 44. Rf8+ Kg3 45. Kb4 Rh6 (45... h4 46. Rh8) 46. a5 {And now a6 would win.} h4 {Hoping for ...h3.} 47. a6 Rh7 {...h3 is the strong threat.} 48. Kc5 {Strongly threatening Kb6.} h3 {aiming for ...h2.} 49. Rb8 $2 {[%mdl 8192]} (49. Rg8+ $17 Kxf3 50. Rf8+ Kg4 51. Rg8+ Kf4 52. Rf8+ Kg3 53. Rg8+ Kf4 54. Rf8+ Kg3 55. Rg8+ Kf4) 49... h2 $19 50. Rb1 h1=Q {Black mates.} 51. Rxh1 Rxh1 52. Kxc6 Kxf3 {KR-KPP} 53. a7 Ra1 54. Kb7 {[#]} Ke4 $1 ({Less strong is} 54... e4 55. c5 $15) 55. c5 Kd5 56. c6 {[#]} Rxa7+ $1 {[%mdl 512] Precision: White = 45%, Black = 65%.} 0-1